000 00847pam a2200253 a 4500
001 1071954
005 20180308073336.0
008 911024s1992 nyu 001 0 eng
010 _a 91040175
020 _a0824044304
040 _aDLC
_cDLC
_dDLC
041 _aeng
043 _an-us---
080 _a349.730264 joh
082 0 0 _a349.730264 joh
_a347.300264
_220
100 _a16
101 _akhis
245 0 0 _aHistoric U.S. court cases, 1690-1990 :
_c[edited] by John W. Johnson.
504 _aIncludes bibliographical references and indexes.
740 0 _aEncyclopedia of historic US court cases, 1690-1990.
906 _a7
_bcbc
_corignew
_d1
_eocip
_f19
_gy-gencatlg
942 _2ddc
_cBK
999 _c44475
_d44475